Multinational Management <A> Strategic Approach
Enregistré dans:
| Auteur principal: | |
|---|---|
| Autres auteurs: | |
| Format: | Livre |
| Langue: | anglais |
| Publié: |
Boston
CENGAGE Learning
2017
|
| Édition: | 7th Edition |
| Sujets: | |
| Tags: |
Pas de tags, Soyez le premier à ajouter un tag!
|
MARC
| LEADER | 00000nam a2200000 4500 | ||
|---|---|---|---|
| 001 | 0277002 | ||
| 005 | 20240221114242.8 | ||
| 020 | |a 978-1-337-25655-7 | ||
| 020 | |a 1-337-29655-4 | ||
| 041 | 0 | |a eng | |
| 044 | |a US | ||
| 245 | 1 | 0 | |a Multinational Management |b <A> Strategic Approach |c John B. Cullen, K. Praveen Parboteeah |
| 250 | |a 7th Edition | ||
| 264 | 1 | |a Boston |b CENGAGE Learning |c 2017 | |
| 300 | |a 456 s. |e 1 príloha: Printed Access Code (ISBN 978-1-305-57680-3) | ||
| 610 | 2 | 0 | |a manažment medzinárodný |
| 610 | 2 | 0 | |a globalizácia |
| 610 | 2 | 0 | |a podnik multinacionálny |
| 610 | 2 | 0 | |a riadenie strategické |
| 610 | 2 | 0 | |a riadenie ľudských zdrojov |
| 610 | 2 | 0 | |a komunikácia multikultúrna |
| 610 | 2 | 0 | |a vyjednávanie |
| 610 | 2 | 0 | |a motivácia |
| 610 | 2 | 0 | |a vodcovstvo |
| 610 | 2 | 0 | |a korporácie transnacionálne |
| 100 | 1 | |a Cullen, John B. | |
| 700 | 1 | |a Parboteeah, K. Praveen | |